The English Constitution: (Record no. 622653)

MARC details
000 -LEADER
fixed length control field 00510nam a22001817a 4500
008 - FIXED-LENGTH DATA ELEMENTS--GENERAL INFORMATION
fixed length control field 260506b |||||||| |||| 00| 0 eng d
020 ## - INTERNATIONAL STANDARD BOOK NUMBER
ISBN 9781841134314
Paper back/Hardbound pbk
041 ## - LANGUAGE CODE
Language code of text/sound track or separate title eng
082 ## - DEWEY DECIMAL CLASSIFICATION NUMBER
Classification number 342.4202 WAR
100 ## - MAIN ENTRY--AUTHOR NAME
Personal name Ward, Ian
245 ## - TITLE STATEMENT
Title The English Constitution:
Sub Title Myths and Realities
Statement of responsibility, etc /Ian Ward;
260 ## - PUBLICATION, DISTRIBUTION, ETC. (IMPRINT)
Place of publication North America
Name of publisher Hart publishing
Year of publication 2004
300 ## - PHYSICAL DESCRIPTION
Number of Pages x, 213p. :
Dimensions 25cm.
504 ## - BIBLIOGRAPHY, ETC. NOTE
Bibliography, etc Includes index
650 ## - SUBJECT ADDED ENTRY--TOPICAL TERM
Topical Term Constitutional & administrative law
942 ## - ADDED ENTRY ELEMENTS (KOHA)
Koha item type English Books
Holdings
Withdrawn status Lost status Damaged status Not for loan Home library Current library Shelving location Date acquired Full call number Accession Number Price effective from Koha item type
        Anna Centenary Library Anna Centenary Library 4TH FLOOR, A WING 30.11.2010 342.4202 WAR 381039 06.05.2026 English Books

Find us on the map